000 00894nac a22002651i 4500
003 EG-ScBUE
005 20230503093716.0
008 230503s2004 ko a f 000 0 eng d
020 _a8957700412 (v.8)
040 _aEG-ScBUE
_beng
_erda
_cEG-ScBUE
_dEG-ScBUE
041 1 _aeng
_akor
082 0 4 _a720.9519
_222
_bINT
245 0 0 _aInternational architecture :
_bannual.
_n8.
264 1 _aSeoul, Korea (South) :
_bArchiworld,
_c2004.
300 _a289 pages :
_billustrations (chiefly color) ;
_c31 cm
336 _2rdacontent
_atext
_btxt
337 _2rdamedia
_aunmediated
_bn
338 _2rdacarrier
_avolume
_bnc
505 _av.8, Residence. Education. Medical treatment. Hotel & Neighborhood commerce facilities
546 _aText in Korean and English.
650 7 _aArchitecture
_y20th century
_zKorea (South)
_2BUEsh
653 _bENGARC
655 _vReading book
942 _cBB
_2ddc
999 _c3378
_d3378